Metodologa̕ de la investigacin̤ Propuesta, anteproyecto y proyecto /

Bibliographic Details
Main Author: Lerma Gonzl̀ez, Hčtor Daniel
Format: eBook
Language:Spanish
Published: Bogot:̀ ECOE, 2012
Subjects:
Online Access:Acceso restringido

MARC

LEADER 00000nam a22000007a 4500
005 20220207213846.0
007 cr|||| ||||
008 220207s2012 co |||||s|||| 00||0 spa d
020 |a 978-958-648-602-6 
035 |a 35795 
040 |a vLex 
090 |c 12932  |d 12932 
100 1 |a Lerma Gonzl̀ez, Hčtor Daniel 
245 1 0 |a Metodologa̕ de la investigacin̤  |h [Recurso electrn̤ico] :  |b Propuesta, anteproyecto y proyecto /  |c Hčtor Daniel Lerma Gonzl̀ez 
256 |a Servicio en ln̕ea 
260 |a Bogot:̀  |b ECOE,  |c 2012 
300 |a 1 recurso electrn̤ico 
500 |a Detalla la forma de elaborar los tres elementos de la planeacin̤: propuesta, anteproyecto, proyecto; a partir de conceptos bs̀iƯcos y ejemplos. Incluye un capt̕ulo que lleva paso a paso al investigador a consultar en el software Proquest. 
506 1 |a Disponible solo en los productos indicados  |d vLex Global  |d vLex Global (Academic Edition, excluding Law Schools)  |d vLex Global (U.S. Academic Edition, Law Schools)  |d vLex Global (U.S. Academic Edition, excluding Law Schools)  |d vLex Global (Academic Edition, Law Schools) 
650 0 4 |a Ciencias aplicadas  |z Colombia 
740 0 |a vLex Libros (Servicio en ln̕ea) 
856 4 0 |u https://app.vlex.com/#/sources/35795  |z Acceso restringido 
942 |c BOOK 
999 0 |a Applied Science